[Event "32nd World Open"]
[Site "Philadelphia USA"]
[Date "2004.07.05"]
[Round "8"]
[White "Friedel,J"]
[Black "Formanek,E"]
[Result "0-1"]
[WhiteElo "2433"]
[BlackElo "2298"]

1.e4 e6 2.d4 d5 3.Nc3 Bb4 4.e5 Ne7 5.Qg4 Nf5 6.a3 h5 7.Qd1 Bxc3+ 8.bxc3 b6
9.Bd3 Ba6 10.Nf3 Qd7 11.a4 Bxd3 12.cxd3 Nc6 13.Ba3 Rc8 14.O-O Na5 15.Rb1 Nb7
16.Qb3 c5 17.Qb5 cxd4 18.cxd4 Qxb5 19.axb5 Rc3 20.Bb4 Rxd3 21.Rfc1 Kd7 22.Rc6 Rxd4
23.Nd2 Rb8 24.Rb2 Nd8 25.Rc1 Rc8 26.Ra1 Rc7 27.Kf1 f6 28.Ra3 fxe5 29.Ke2 Nf7
30.g3 e4 31.Rbb3 N7d6 32.Bc3 Rd3 33.f3 Re3+ 34.Kf2 exf3  0-1

[Event "22nd Open"]
[Site "Andorra la Vella AND"]
[Date "2004.07.06"]
[Round "4"]
[White "Bruned,Y"]
[Black "Del Rio Angelis,S"]
[Result "0-1"]
[WhiteElo "2251"]
[BlackElo "2502"]

1.e4 e6 2.d4 d5 3.Nc3 Bb4 4.e5 Ne7 5.a3 Bxc3+ 6.bxc3 c5 7.Qg4 O-O 8.Bd3 f5
9.exf6 Rxf6 10.Bg5 Rf7 11.Qh5 g6 12.Qd1 Nbc6 13.Nf3 Qa5 14.Bd2 Qc7 15.O-O e5
16.Nxe5 Nxe5 17.dxe5 Qxe5 18.c4 d4 19.Qe1 Qc7 20.Qe4 Bf5 21.Qh4 Nc6 22.Rae1 Qd7
23.Re2 a6 24.a4 Re8 25.Rxe8+ Qxe8 26.Re1 Re7 27.Rxe7 Qxe7 28.Qxe7 Nxe7 29.Bf4 Nc8
30.Bxf5 gxf5 31.Bc7 Kf7 32.Kf1 Ke6 33.Ke2 Kd7 34.Ba5 Nd6 35.Kd3 Nf7 36.f4 Kc6
37.Bd2 Nd6 38.c3 dxc3 39.Bxc3 b5 40.axb5+ axb5 41.cxb5+ Nxb5 42.Be5 Kd5 43.h3 h5
44.g3 Nd6 45.Ba1 Ne4 46.g4 fxg4 47.hxg4 hxg4 48.Ke3 Nd6 49.Kf2 Nf5 50.Ke2 Kc4
51.Be5 Kb3  0-1

[Event "32nd World Open"]
[Site "Philadelphia USA"]
[Date "2004.07.06"]
[Round "9"]
[White "Tian Tian"]
[Black "Au,L"]
[Result "1/2-1/2"]
[WhiteElo "2317"]
[BlackElo "2251"]

1.e4 e6 2.d4 d5 3.Nc3 Bb4 4.e5 Qd7 5.Nf3 b6 6.a3 Bf8 7.Be2 Ba6 8.O-O Ne7
9.Bxa6 Nxa6 10.Qe2 Nb8 11.Nh4 Ng6 12.Nf3 Nc6 13.Be3 Be7 14.Rad1 O-O 15.Ng5 h6
16.Nh3 f6 17.Qg4 Kh7 18.exf6 Rxf6 19.Ne2 Bd6 20.Ng3 Bxg3 21.hxg3 Raf8 22.Qh5 Nge7
23.g4 Qe8 24.Qh4 Ng6 25.Qg3 Qd7 26.g5 Rf5 27.Bc1 e5 28.dxe5 Ncxe5 29.Qb3 c5
30.Kh1 d4 31.f4 Qb7 32.Qg3 a5 33.Kg1 Qf7 34.Rfe1 Nc4 35.Qh2 h5 36.g3 Kg8
37.Qe2 Nh8 38.Nf2 Nd6 39.Qe6 Rd8 40.b3 Ng6 41.Nd3 Qxe6 42.Rxe6 Nf8 43.Re2 Ng6
44.Rde1 Kf7 45.Rh2 Rh8 46.Kf2 b5 47.b4 axb4 48.axb4 c4 49.Nc5 Rd5 50.Rd1 Ne7
51.Kf3 Nc6 52.c3 g6 53.Ra2 d3 54.Ra6 Rc8 55.Bd2 Nf5 56.g4 hxg4+ 57.Kxg4 Rd6
58.Raa1 Rh8 59.Rh1 Rdd8 60.Ne4 Rxh1 61.Rxh1 Kg7 62.Nc5 Rh8 63.Ne6+ Kg8 64.Rxh8+ Kxh8
65.Nc7 Nd6 66.Nd5 Kg7 67.Kf3 Kf7 68.Ne3 Ke6 69.Ng4 Nf5 70.Be1 Nfe7 71.Ke4 Nf5  1/2-1/2

[Event "ch-BEL"]
[Site "Westerlo BEL"]
[Date "2004.07.07"]
[Round "5"]
[White "Michiels,B"]
[Black "Dgebuadze,A"]
[Result "1-0"]
[WhiteElo "2450"]
[BlackElo "2552"]

1.e4 e6 2.d4 d5 3.Nc3 Bb4 4.e5 Ne7 5.a3 Bxc3+ 6.bxc3 c5 7.Qg4 O-O 8.Bd3 Nbc6
9.Qh5 Ng6 10.Nf3 Qc7 11.Be3 c4 12.Bxg6 fxg6 13.Qg4 Qf7 14.Ng5 Qe8 15.h4 h6
16.Nh3 Bd7 17.Qe2 b5 18.h5 g5 19.f4 gxf4 20.Nxf4 Ne7 21.g4 a5 22.Qd2 b4 23.cxb4 axb4
24.Qxb4 Nc6 25.Qd2 Qd8 26.Ng6 Rf7 27.g5 c3 28.Qg2 Qb6 29.Rd1 Ra4 30.Qg4 Rxa3
31.gxh6 Nb4 32.Rh2 Ra2 33.h7+ Kxh7 34.Nf4 Kg8 35.h6 Nxc2+ 36.Rxc2 Rxc2 37.h7+ Kh8
38.Ng6+  1-0

[Event "TCh-GRE"]
[Site "Aghia Pelagia GRE"]
[Date "2004.07.08"]
[Round "6"]
[White "Tsekouras,T"]
[Black "Haritakis,T"]
[Result "1/2-1/2"]
[WhiteElo "2269"]
[BlackElo "2291"]

1.e4 e6 2.d4 d5 3.Nc3 Bb4 4.e5 Ne7 5.Bd2 c5 6.dxc5 Nd7 7.Qg4 Bxc5 8.Qxg7 Ng6
9.Bb5 a6 10.Bxd7+ Bxd7 11.Nh3 Bf8 12.Qf6 Be7 13.Qg7 Bf8 14.Qf6 Be7  1/2-1/2

[Event "VII Magistral"]
[Site "Vicente Lopez ARG"]
[Date "2004.07.09"]
[Round "1"]
[White "Alonso,S"]
[Black "Panno,O"]
[Result "1/2-1/2"]
[WhiteElo "2444"]
[BlackElo "2474"]

1.e4 e6 2.d4 d5 3.Nc3 Bb4 4.e5 Ne7 5.a3 Bxc3+ 6.bxc3 c5 7.h4 Qc7 8.Nf3 b6
9.Bb5+ Bd7 10.Bd3 Ba4 11.Bd2 Nbc6 12.h5 cxd4 13.cxd4 Nf5 14.Bxf5 exf5 15.h6 g6
16.O-O O-O 17.Rc1 Rac8 18.Qe2 Qd7 19.Qe3 Nd8 20.c3 Ne6 21.g3 Rc4 22.Nh4 Bb5
23.Rfe1 Ra4 24.Ra1 Rc8 25.Ng2 Qe7 26.Bc1 Rac4 27.Bd2 Ra4 28.Nf4 Bc4 29.Nxe6 fxe6
30.Bc1 Bb5 31.Kh2 Rf8 32.Qf4 Rc4 33.Bd2 Ra4 34.Qh4 Qxh4+ 35.gxh4 f4 36.Kh3 Bd3
37.Kg4 Rc4 38.Rac1 f3 39.Rg1 Rf5 40.Kh3 Kf7 41.Rg4 Ra4 42.Ra1 Rc4 43.Kg3 Be2
44.Rf4 Rc8 45.Rg1 Rg8 46.Kh3 Bd3 47.Kg3 Be2 48.Kh3 Bd3 49.Kg3 Be2 50.Kh2 Bd3
51.Kg3  1/2-1/2

[Event "22nd Open"]
[Site "Andorra la Vella AND"]
[Date "2004.07.10"]
[Round "8"]
[White "Solleveld,Maa"]
[Black "Del Rio Angelis,S"]
[Result "0-1"]
[WhiteElo "2486"]
[BlackElo "2502"]

1.e4 e6 2.d4 d5 3.Nc3 Bb4 4.e5 Ne7 5.a3 Bxc3+ 6.bxc3 c5 7.Qg4 O-O 8.Bd3 f5
9.exf6 Rxf6 10.Bg5 Rf7 11.Qh5 g6 12.Qd1 Qa5 13.Qd2 Nbc6 14.Nf3 Nf5 15.Ne5 Rf8
16.g4 Ng7 17.h4 Qa4 18.h5 gxh5 19.Bh6 Nxe5 20.dxe5 Rf7 21.gxh5 Qg4 22.Be2 Qe4
23.O-O-O Qxe5 24.Rhg1 b6 25.Rg4 a5 26.Rdg1 Raa7 27.Bf4 Rxf4 28.Rxf4 Rf7 29.Rfg4 Kf8
30.h6 Ne8 31.Rg5 Qh2 32.Bh5 Rxf2 33.Rg8+ Ke7 34.Qg5+ Nf6 35.Bd1 Bd7 36.Rg7+ Kd6
37.Rg3 Ba4 38.Rg2 Rxg2 39.Qxg2 Qxh6+ 40.Kb2 Qe3 41.Rf7 Ne4 42.Qg7 d4 43.cxd4 Qc3+
44.Ka2 Bb3+ 45.Kb1 Bxc2+ 46.Bxc2 Nd2+ 47.Kc1 Nb3+ 48.Kd1 Qd2+  0-1

[Event "Glassy Stream Open"]
[Site "Kharkov UKR"]
[Date "2004.07.10"]
[Round "3"]
[White "Kucherenko,O"]
[Black "Shchukin,D"]
[Result "0-1"]
[WhiteElo "2086"]
[BlackElo "2346"]

1.e4 e6 2.d4 d5 3.Nc3 Bb4 4.e5 Ne7 5.Bg5 h6 6.Bxe7 Qxe7 7.Ne2 b6 8.a3 Bxc3+
9.Nxc3 Ba6 10.Bxa6 Nxa6 11.Qe2 Nb8 12.O-O c5 13.Nb5 O-O 14.c3 Nc6 15.Rad1 a6
16.Nd6 f6 17.f4 fxe5 18.dxe5 b5 19.Qe3 c4 20.Qg3 Qa7+ 21.Kh1 Ne7 22.Qh3 Qd7
23.g4 Rad8 24.g5 hxg5 25.Ne4 g4 26.Qxg4 Nf5 27.Ng5 Qe8 28.Qh3 Qg6 29.Rg1 Rfe8
30.Rg4 Qh6 31.Qf3 d4 32.Ne4 Kh8 33.cxd4 Rxd4 34.Rxd4 Nxd4 35.Qf2 Nf5 36.Nd6 Qh5
37.Rg1 Nxd6 38.exd6 Qd5+ 39.Qg2 Rd8 40.Qxd5 exd5 41.Rg6 d4 42.Kg2 c3 43.bxc3 dxc3
44.Rg3 c2 45.Rc3 Rxd6 46.Rxc2 Rd4 47.f5 Rd3 48.Ra2 Kh7 49.Kf2 Rd5 50.a4 Rxf5+
51.Ke3 b4 52.Rb2 a5 53.Ke4 Rc5 54.Kd4 Rc3 55.Ra2 Kh6 56.Ra1 g5 57.Re1 Ra3
58.Kc4 Rxa4 59.Kb3 Ra3+ 60.Kb2 Rh3 61.Re6+ Kh5 62.Ra6 Rxh2+ 63.Kb1 b3 64.Rxa5 Rd2
65.Rb5 Rd3 66.Kb2 Kh4  0-1

[Event "22nd Open"]
[Site "Andorra la Vella AND"]
[Date "2004.07.11"]
[Round "9"]
[White "Cheparinov,I"]
[Black "Del Rio Angelis,S"]
[Result "1/2-1/2"]
[WhiteElo "2567"]
[BlackElo "2502"]

1.e4 e6 2.d4 d5 3.Nc3 Bb4 4.e5 Ne7 5.a3 Bxc3+ 6.bxc3 c5 7.Qg4 O-O 8.Bd3 f5
9.exf6 Rxf6 10.Bg5 Rf7 11.Qh5 g6 12.Qd1 Qa5 13.Bd2 Nbc6 14.Nf3 Qc7 15.dxc5 e5
16.Ng5 Rf8 17.c4 e4 18.cxd5 exd3 19.d6 Qd8 20.dxe7 Qxe7+ 21.Be3 Rf5 22.h4 h6
23.Nf3 dxc2 24.Qxc2 Be6 25.Rh3 Qf7 26.Rg3 Kh7 27.Kf1 Re8 28.Qc3 Bd5 29.Nh2 Re4
30.Rh3 Ne5 31.f3 Nd3 32.Bd2 Nxc5 33.Kg1 Rc4 34.Qe3 Qg7 35.Re1 Qd4 36.Ng4 Nd3
37.Qxd4 Rxd4 38.Re7+ Rf7 39.Nf6+ Kg7 40.Nxd5 Rxd5 41.Bxh6+ Kf6 42.Bg5+ Kg7
43.Bh6+ Kf6 44.Re8 Re5 45.Bg5+ Kg7 46.Rxe5 Nxe5 47.Be3 Nc4 48.Bxa7 Nxa3 49.f4 Nc4
50.Rb3 b6 51.Bb8 Rf8 52.Bc7 Rf7 53.Be5+ Nxe5 54.fxe5 Rf5 55.Rb5 g5 56.hxg5 Rxg5
57.Kf2 Rg6 58.Kf3 Rc6 59.Ke4 Rg6 60.Kf3 Rc6 61.Ke4 Rg6 62.Rb2 b5 63.Kf5 b4
64.Rxb4 Rxg2 65.Rb7+ Kf8 66.Kf6 Rf2+ 67.Ke6 Ra2 68.Rb8+ Kg7 69.Rd8 Re2 70.Rd7+ Kf8
71.Rd1 Ke8 72.Ra1 Kf8 73.Ra8+ Kg7 74.Rd8 Re1 75.Rd3 Kf8 76.Rf3+ Ke8 77.Ra3 Kf8
78.Ra8+ Kg7 79.Rc8 Re2 80.Rc1 Kf8 81.Rh1 Re3 82.Rh8+ Kg7 83.Rh1 Kf8 84.Rf1+ Ke8
85.Kf6 Rh3 86.Ke6 Ra3 87.Rd1 Rh3  1/2-1/2

[Event "15th Open"]
[Site "Ljubjana SLO"]
[Date "2004.07.11"]
[Round "2"]
[White "Nikolov,Sas"]
[Black "Medved,A"]
[Result "1-0"]
[WhiteElo "2419"]
[BlackElo "2086"]

1.e4 e6 2.d4 d5 3.Nc3 Bb4 4.e5 b6 5.a3 Bxc3+ 6.bxc3 Qd7 7.Nh3 Ba6 8.Bxa6 Nxa6
9.a4 Nb8 10.O-O Nc6 11.Nf4 Nge7 12.Nh5 O-O 13.Bh6 f5 14.Bxg7 Qd8 15.Bxf8 Qxf8
16.Re1 Ng6 17.Re3 Qf7 18.Nf6+ Kg7 19.h4 Rh8 20.h5 Nge7 21.Rg3+ Kf8 22.h6 Ng6
23.Qh5 Nce7 24.a5 b5 25.a6 Rg8 26.Nxg8 Kxg8 27.Qg5 Kf8 28.Rf3 Ke8 29.Rb1 c6
30.Re1 Nf8 31.g4 Nfg6 32.Kg2 f4 33.Qf6 Qxf6 34.exf6 Nh4+ 35.Kh1 Nxf3 36.Rxe6  1-0

[Event "XIII Open"]
[Site "Castellar del Valles ESP"]
[Date "2004.07.15"]
[Round "2"]
[White "Vehi Bach,V"]
[Black "Simon Padros,E"]
[Result "1-0"]
[WhiteElo "2379"]
[BlackElo "2282"]

1.e4 e6 2.d4 d5 3.Nc3 Bb4 4.e5 Qd7 5.Qg4 f5 6.Qg3 b6 7.Nh3 Nc6 8.Bb5 Bb7
9.a3 a6 10.Ba4 Bxc3+ 11.Qxc3 Nge7 12.Nf4 O-O-O 13.h4 Kb8 14.Nd3 h6 15.b4 Qc8
16.h5 Rdg8 17.Nf4 Na7 18.Rh3 g5 19.hxg6 Nxg6 20.Nh5 Ne7 21.Nf6 Rxg2 22.Bd7 Qd8
23.Bxe6 Nb5 24.Qd3 Rg1+ 25.Ke2 Ng6 26.Rf3 Nh4 27.Rg3 Ng2 28.Qd2 c5 29.Bb2 Rxa1
30.Bxa1 Qe7 31.Bxf5 Nh4 32.Bh3 cxd4 33.Bxd4 Qc7 34.Nd7+ Ka8 35.Nxb6+ Kb8
36.Nd7+ Ka8 37.Nc5 Re8 38.c3 Qh7 39.Qd3 Qf7 40.e6 Nxa3 41.Rg7  1-0

[Event "XIII Open"]
[Site "Castellar del Valles ESP"]
[Date "2004.07.17"]
[Round "4"]
[White "Jerez Perez,A"]
[Black "Moskalenko,V"]
[Result "1/2-1/2"]
[WhiteElo "2416"]
[BlackElo "2544"]

1.e4 e6 2.d4 d5 3.Nc3 Bb4 4.e5 Ne7 5.Qg4 Nf5 6.Nf3 c5 7.dxc5 Nc6 8.Bd2 f6
9.Bd3 O-O 10.O-O-O fxe5 11.Nxe5 Bxc5 12.f4 Bd4 13.Rde1 Nb4 14.Bxf5 exf5 15.Qf3 Bxc3
16.Bxc3 Nxa2+ 17.Kb1 Nxc3+ 18.Qxc3 Be6 19.Qd4 Qb6 20.Nf3 Qxd4  1/2-1/2

[Event "Specsavers YM"]
[Site "Millfield School ENG"]
[Date "2004.07.19"]
[Round "1"]
[White "Roberson,P"]
[Black "Bigg,A"]
[Result "1/2-1/2"]
[WhiteElo "2111"]
[BlackElo "2275"]

1.e4 e6 2.d4 d5 3.Nc3 Bb4 4.e5 Ne7 5.a3 Bxc3+ 6.bxc3 c5 7.Qg4 O-O 8.Bd3 f5
9.exf6 Rxf6 10.Qh5 h6 11.Nf3 c4 12.Be2 Nbc6 13.g4 Qf8 14.g5 g6 15.Qh3 e5
16.Qg3 Nf5 17.Qg2 hxg5 18.Nxe5  1/2-1/2

[Event "VII Magistral"]
[Site "Vicente Lopez ARG"]
[Date "2004.07.19"]
[Round "10"]
[White "Alonso,S"]
[Black "Rodriguez,And URU"]
[Result "1-0"]
[WhiteElo "2444"]
[BlackElo "2567"]

1.e4 e6 2.d4 d5 3.Nc3 Bb4 4.e5 Ne7 5.a3 Bxc3+ 6.bxc3 c5 7.Nf3 b6 8.Bb5+ Bd7
9.Bd3 Ba4 10.h4 Qc7 11.Bd2 Nd7 12.h5 h6 13.Rh4 c4 14.Be2 O-O-O 15.Kf1 Rdg8
16.Rh3 Qd8 17.Bf4 Rh7 18.Qd2 Rgh8 19.Nh2 Qf8 20.Ng4 Nf5 21.Ne3 g5 22.Bh2 Nxe3+
23.Rxe3 Qg7 24.Kg1 Re8 25.Bg4 Rhh8 26.Rf1 Qh7 27.Re2 Rhg8 28.f4 gxf4 29.Rxf4 Rg5
30.Ref2 Qg8  1-0

[Event "ACT Open"]
[Site "Amsterdam NED"]
[Date "2004.07.24"]
[Round "8"]
[White "Peek,Mar"]
[Black "Vogel,Ja"]
[Result "1-0"]
[WhiteElo "2406"]
[BlackElo "2282"]

1.e4 e6 2.d4 d5 3.Nc3 Bb4 4.e5 b6 5.a3 Bf8 6.Nf3 Ne7 7.Bb5+ c6 8.Ba4 Bd7
9.O-O Nf5 10.Ne2 c5 11.Bb3 Nc6 12.c3 Rc8 13.Bc2 Nh4 14.Ne1 g6 15.g3 Nf5 16.Nf3 cxd4
17.cxd4 b5 18.Bg5 Be7 19.Bxe7 Qxe7 20.Qd2 h5 21.Bxf5 gxf5 22.h4 b4 23.Rfc1 Rb8
24.axb4 Qxb4 25.Qg5 Qe7 26.Qe3 Rxb2 27.Ra6 Rb6 28.Rxb6 axb6 29.Rb1 Qd8 30.Qb3 b5
31.Nf4 Ne7 32.Qe3 Ng6 33.Nd3 Qa5 34.Qc1 Rg8 35.Kh2 Qd8 36.Ra1 f4 37.Nxf4 Nxf4
38.Qxf4  1-0

[Event "ACT Open"]
[Site "Amsterdam NED"]
[Date "2004.07.25"]
[Round "9"]
[White "Solleveld,Maa"]
[Black "De Jong,M"]
[Result "1/2-1/2"]
[WhiteElo "2486"]
[BlackElo "2319"]

1.e4 e6 2.d4 d5 3.Nc3 Bb4 4.e5 Ne7 5.a3 Bxc3+ 6.bxc3 c5 7.Qg4 O-O 8.Bd3 Nbc6
9.Qh5 Ng6 10.Nf3 Qc7 11.Be3 Nce7 12.h4 Bd7 13.dxc5 b6 14.Qg5 Nf5 15.Bxf5 exf5
16.h5 h6 17.Qg3 f4 18.Bxf4 Nxf4 19.Qxf4 Qxc5 20.Qd4 Rac8 21.Kd2 Qe7 22.Qb4 Rc5
23.Rhe1 Rfc8 24.Re3 d4 25.Qxd4 Bc6 26.Qh4 Qc7 27.Nd4 Rxe5 28.Rae1 Rg5 29.g3 Bd7
30.Qh1 Qd6 31.Rd3 Rd5 32.Qf3 Qc5 33.g4 Rd6 34.Qg3 Qxa3 35.Rg1 Qc5 36.g5 Qxg5+
37.Qxg5 hxg5 38.Rxg5 Kh7 39.Rdg3 Rg8 40.Rg1 f6 41.R5g3 Rd5 42.Rh1 Re8 43.Kd3 Ree5
44.Rhg1 Rg5 45.Rxg5 fxg5 46.c4 Ra5 47.Nb3 Rf5 48.Nd4 Ra5 49.Nb3 Rf5  1/2-1/2

[Event "Politiken Cup"]
[Site "Copenhagen DEN"]
[Date "2004.07.25"]
[Round "3"]
[White "Dignam,M"]
[Black "Agustsson,H"]
[Result "1-0"]
[WhiteElo "2144"]
[BlackElo "1957"]

1.d4 d5 2.Nc3 e6 3.e4 Bb4 4.e5 Ne7 5.Bd2 c5 6.a3 Bxc3 7.Bxc3 Qc7 8.Nf3 b6
9.h4 Ba6 10.Bxa6 Nxa6 11.Qe2 Nb8 12.h5 Nbc6 13.h6 gxh6 14.dxc5 bxc5 15.Rxh6 Ng6
16.Bd2 Ncxe5 17.O-O-O Nc4 18.Rdh1 Nf4 19.Qe1 Nxg2 20.Rxe6+ Kd8 21.Bg5+ Kc8
22.Qc3 d4 23.Qxc4 fxe6 24.Qxe6+ Qd7 25.Qe4 Kc7 26.Ne5 Qe6 27.Rh6  1-0

[Event "ch-Montenegro"]
[Site "Bijelo Polje SCG"]
[Date "2004.07.26"]
[Round "11"]
[White "Djukic,Ni"]
[Black "Kosic,D"]
[Result "1-0"]
[WhiteElo "2450"]
[BlackElo "2519"]

1.e4 e6 2.d4 d5 3.Nc3 Bb4 4.e5 b6 5.Qg4 Bf8 6.Bb5+ c6 7.Ba4 a5 8.a3 Ba6 9.Nce2 h5
10.Qf3 g5 11.h4 g4 12.Qg3 Nh6 13.Bg5 Be7 14.Bxh6 Rxh6 15.Qe3 Rh8 16.g3 Kd7
17.c3 Kc7 18.Bc2 c5 19.Bd3 Bxd3 20.Qxd3 c4 21.Qe3 b5 22.Nf4 Nd7 23.Nge2 Qg8
24.O-O Qh7 25.Rac1 Nb6 26.f3 Rag8 27.Kh2 Rg7 28.Rf2 Rhg8 29.Rcf1 Bxh4 30.gxh4 g3+
31.Nxg3 Rxg3 32.Rg2 Rxg2+ 33.Nxg2 Qg6 34.Qf2 Na4 35.Nf4 Qf5 36.Nh3 Kc6 37.Ra1 Rb8
38.Kg3 Qd3 39.Ng5 Rb7 40.Kg2 Ra7 41.Nh3 Ra8 42.Ng5 Ra7 43.Nh3 b4 44.axb4 axb4
45.cxb4 Qb3 46.Nf4 Ra8 47.Nxh5 Rg8+ 48.Kh3 Nxb2 49.Nf6 Nd3 50.Qd2 Rg7 51.Rf1 Nxb4
52.h5 Qd3 53.Qxd3 Nxd3 54.h6 Rg6 55.h7 Rh6+ 56.Kg4 c3 57.Kg5 Rxh7 58.Nxh7 c2
59.Kf6 c1=Q 60.Rxc1+ Nxc1 61.Kxf7 Ne2 62.Nf8 Nxd4 63.f4 Nf3 64.Nxe6 d4 65.Ng5 Nxg5+
66.fxg5 d3 67.e6 d2 68.e7 d1=Q 69.e8=Q+ Kc5 70.g6 Qf3+ 71.Kg8 Qd5+ 72.Qf7 Qg5
73.g7 Kd6 74.Kh7 Qh4+ 75.Kg6 Qg4+ 76.Kh6 Qh4+ 77.Qh5 Qf4+ 78.Kh7  1-0

[Event "Open Dutch Champ"]
[Site "Dieren NED"]
[Date "2004.07.27"]
[Round "1"]
[White "Sminia,J"]
[Black "Vogel,Ja"]
[Result "0-1"]
[WhiteElo "2103"]
[BlackElo "2282"]

1.e4 e6 2.d4 d5 3.Nc3 Bb4 4.e5 b6 5.a3 Bf8 6.Nf3 Ne7 7.h4 c5 8.Nb5 Nf5 9.Bg5 Qd7
10.c4 a6 11.Nc3 cxd4 12.Nxd4 Nxd4 13.Qxd4 Nc6 14.Qd2 d4 15.Na4 Rb8 16.O-O-O h6
17.Bf4 b5 18.Nc3 dxc3 19.Qxc3 b4 20.axb4 Nxb4 21.Qa3 Qb7 22.Rd2 Bd7 23.Be2 Nd5
24.Qf3 Nxf4 25.Qxf4 Bb4 26.Rd3 Bc6 27.Rhh3 Bc5 28.Rb3 Qxb3 29.Rxb3 Rxb3 30.g4 Rh3
31.h5 Be7 32.Qd4 O-O 33.b3 Rxb3 34.f4 Rd8 35.Qa7 Be4 36.Bd3 Ba3+  0-1

[Event "Open Dutch Champ"]
[Site "Dieren NED"]
[Date "2004.07.29"]
[Round "3"]
[White "Van Kerkhof,D"]
[Black "Vogel,Ja"]
[Result "0-1"]
[WhiteElo "2173"]
[BlackElo "2282"]

1.e4 e6 2.d4 d5 3.Nc3 Bb4 4.e5 b6 5.a3 Bf8 6.Nf3 Ne7 7.Bb5+ c6 8.Ba4 Ba6
9.Ne2 Bb5 10.Bxb5 cxb5 11.a4 b4 12.O-O Nbc6 13.Bg5 Qd7 14.c3 h6 15.Be3 Nf5
16.g4 Nxe3 17.fxe3 Be7 18.Qd3 bxc3 19.Nxc3 Nb4 20.Qe2 Rc8 21.Rf2 Qc6 22.Nd2 O-O
23.Raf1 Qb7 24.e4 Bh4 25.Rg2 Bg5 26.exd5 Nxd5 27.Nde4 Be3+ 28.Kh1 Nxc3 29.Nf6+ gxf6
30.Qxe3 Qe4 31.Qxh6 Nd5 32.g5 Rc2 33.Rg1 Rxg2 34.Rxg2 Ne3 35.gxf6+ Qxg2+  0-1

[Event "Skanska Open"]
[Site "Pardubice CZE"]
[Date "2004.07.30"]
[Round "8"]
[White "Hracek,Z"]
[Black "Moroz,A"]
[Result "1-0"]
[WhiteElo "2579"]
[BlackElo "2498"]

1.e4 e6 2.d4 d5 3.Nc3 Bb4 4.e5 b6 5.a3 Bf8 6.Nf3 Qd7 7.b4 Nc6 8.Bd3 h6 9.O-O Bb7
10.Bd2 a5 11.Na2 Nge7 12.Bb5 Nc8 13.c3 N8a7 14.Bd3 Ne7 15.a4 g6 16.Nc1 Nec6
17.Qe1 Bg7 18.Nb3 O-O 19.h4 axb4 20.cxb4 Ne7 21.Nh2 Nf5 22.Ng4 Qe7 23.g3 Nc6
24.Bc3 h5 25.Nh2 Qd7 26.Qe2 Kh7 27.Nf3 Bh6 28.Bd2 Bxd2 29.Qxd2 Qe7 30.b5 Na5
31.Nxa5 Rxa5 32.Rfc1 Rc8 33.Bxf5 exf5 34.Ra2 Kg7 35.Qg5 Qe6 36.Rac2 c5 37.bxc6 Bxc6
38.Qf6+  1-0

[Event "It"]
[Site "Charleroi BEL"]
[Date "2004.08.02"]
[Round "4"]
[White "Akhayan,R"]
[Black "Laurent,B"]
[Result "0-1"]
[WhiteElo "2228"]
[BlackElo "2344"]

1.e4 e6 2.d4 d5 3.Nc3 Bb4 4.e5 Ne7 5.Bd2 c5 6.dxc5 Nbc6 7.Qh5 Bxc3 8.Bxc3 d4
9.Rd1 Qd5 10.Ne2 Nf5 11.Bd2 Qxe5 12.g4 g6 13.Qh3 Nfe7 14.Qa3 h5 15.Bf4 Qd5
16.Rg1 e5 17.Bg2 Qc4 18.Bxe5 Nxe5 19.Rxd4 Qe6 20.gxh5 Rxh5 21.Nf4 Nd3+ 22.Kd2 Nxf4
23.Rxf4 Qd7+ 24.Kc1 Qc7 25.Qa4+ Bd7 26.Qc4 Be6 27.Qa4+ Bd7 28.Qc4 O-O-O 29.Qxf7 Rxc5
30.Kb1 Bf5 31.Rb4 Nc6  0-1

[Event "Open"]
[Site "Davos SUI"]
[Date "2004.08.02"]
[Round "3"]
[White "Horvath,Ad1"]
[Black "Sedina,E"]
[Result "1-0"]
[WhiteElo "2528"]
[BlackElo "2396"]

1.e4 e6 2.d4 d5 3.Nc3 Bb4 4.e5 Ne7 5.a3 Bxc3+ 6.bxc3 c5 7.Qg4 Qc7 8.Qxg7 Rg8
9.Qxh7 cxd4 10.Ne2 Nbc6 11.f4 dxc3 12.Qd3 d4 13.Rb1 Bd7 14.Ng3 O-O-O 15.Be2 Nf5
16.Kf2 f6 17.exf6 Nd6 18.Bf3 Rgf8 19.Ne4 Nxe4+ 20.Bxe4 Rxf6 21.Rd1 Rg8 22.Kg1 Be8
23.Rb5 a6 24.Rc5 Qe7 25.Qxd4 Kb8 26.Qxc3 Bd7 27.Be3 Rc8 28.Rxd7  1-0

[Event "Open Dutch Champ"]
[Site "Dieren NED"]
[Date "2004.08.04"]
[Round "8"]
[White "Swinkels,R"]
[Black "De Jong,M"]
[Result "0-1"]
[WhiteElo "2228"]
[BlackElo "2319"]

1.e4 e6 2.d4 d5 3.Nc3 Bb4 4.e5 Ne7 5.Bd2 c5 6.a3 Bxc3 7.Bxc3 b6 8.Bb5+ Bd7
9.Bd3 cxd4 10.Bxd4 Nbc6 11.c3 Ng6 12.Nf3 Qc7 13.O-O Ngxe5 14.Nxe5 Nxe5 15.Bc2 f6
16.Qh5+ Nf7 17.f4 Kf8 18.Rae1 Re8 19.g4 Re7 20.g5 f5 21.Bxf5 g6 22.Bxg6 hxg6
23.Qxg6 Rg8 24.Qf6 Ke8 25.h4 Nd6 26.Qe5 Ba4 27.f5 Ne4 28.Qxc7 Rxc7 29.fxe6 Re7
30.c4 Bc6 31.cxd5 Bxd5 32.Rf5 Bb7 33.Re5 Nd2 34.Rf5 Nf3+ 35.Rxf3 Bxf3 36.Bf6 Rc7
37.Kf2 Bh5 38.Re4 Rc2+ 39.Kf1 Rc6 40.Kf2 Bg6 41.Re5 Rc5 42.Re1 Bh5 43.Kg3 Rf5
44.Kh3 Rf3+ 45.Kh2 Rf2+ 46.Kh3 Re2 47.Rc1 Re3+ 48.Kh2 Rxe6 49.Rc7 a5 50.Ra7 Rd6
51.Re7+ Kf8 52.Rc7 Re6 53.Ra7 Be8 54.Rc7 Rxf6 55.gxf6 Rg6 56.Rc2 Rxf6 57.Kg3 Bh5
58.Rd2 Rf3+ 59.Kg2 Rb3 60.Kf1 Ke7 61.Ke1 Ke6 62.Rg2 Bf3 63.Rh2 Bh5 64.Rg2 b5
65.Rg5 Re3+ 66.Kd2 Re5 67.Rg7 Bf7 68.Kc3 Rc5+ 69.Kd3 a4 70.Rg4 Kd6 71.Rg7 Bc4+
72.Kd4 Rd5+ 73.Kc3 Rd3+ 74.Kc2 Rh3 75.Rg4 Ke5 76.Rg1 Rxh4 77.Kb1 Rh2 78.Ka1 Rf2
79.Rd1 Rf1 80.Rxf1 Bxf1 81.Kb1 Kd4 82.Ka2 Bc4+ 83.Kb1 Bb3 84.Ka1 Kd3 85.Kb1 Kd2
86.Ka1 Bg8 87.Kb1 Bc4 88.Ka1 Kc1  0-1

[Event "Open Dutch Champ"]
[Site "Dieren NED"]
[Date "2004.08.05"]
[Round "9"]
[White "Pavlovic,Mi"]
[Black "De Jong,M"]
[Result "1-0"]
[WhiteElo "2498"]
[BlackElo "2319"]

1.e4 e6 2.d4 d5 3.Nc3 Bb4 4.e5 Ne7 5.a3 Bxc3+ 6.bxc3 c5 7.Qg4 O-O 8.Bd3 Nbc6
9.Qh5 Ng6 10.Nf3 Qc7 11.Be3 Nce7 12.h4 Bd7 13.Qg4 f5 14.Qh3 cxd4 15.cxd4 Bb5
16.O-O Bxd3 17.cxd3 Nh8 18.h5 Qd7 19.h6 g6 20.Qh4 Nc6 21.Bg5 Nf7 22.Bf6 Rac8
23.Kh1 Rc7 24.g4 f4 25.Bg7 Rfc8 26.Qf6 Qe7 27.Qxf4 Nb8 28.Rfc1 Nd7 29.Rxc7 Rxc7
30.Rc1 Rc6 31.Rxc6 bxc6 32.Qc1 c5 33.Kg2 Nd8 34.Bf6 Nxf6 35.exf6 Qxf6 36.dxc5 Nc6
37.Qg5 Kf7 38.d4 Ke7 39.Qxf6+ Kxf6 40.Ne5 Nxd4 41.c6 Nb5 42.f4 g5 43.Kf3 Nc7
44.Ke3 d4+ 45.Ke4 gxf4 46.Kxf4 Nd5+ 47.Ke4 Kg5 48.Kxd4 Kf4 49.Nd7 Ne7 50.c7 Kxg4
51.Ke5 Kg5 52.Nf6 Kxh6  1-0

[Event "Australian Masters"]
[Site "Melbourne AUS"]
[Date "2004.08.05"]
[Round "3"]
[White "Smerdon,D"]
[Black "Johansen,D"]
[Result "1-0"]
[WhiteElo "2403"]
[BlackElo "2483"]

1.e4 e6 2.d4 d5 3.Nc3 Bb4 4.e5 Qd7 5.a3 Bxc3+ 6.bxc3 b6 7.a4 Ba6 8.Bxa6 Nxa6
9.Qd3 Nb8 10.h4 Nc6 11.h5 f6 12.Nf3 fxe5 13.dxe5 h6 14.a5 Nge7 15.axb6 cxb6
16.g4 Rf8 17.g5 hxg5 18.Nxg5 Nf5 19.Ba3 Rh8 20.f4 Na5 21.Nf3 Nc4 22.Nd4 Nce3
23.Bc1 Nxd4 24.Bxe3 Nf5 25.Bxb6 g6 26.Qf3 Qb5 27.Bf2 Qc4 28.Rb1 gxh5 29.Rxh5 O-O-O
30.Rb4 Qa6 31.Kd2 Qf1 32.Rxh8 Rxh8 33.Rb8+  1-0

[Event "ch-ESP Abierto"]
[Site "Seville ESP"]
[Date "2004.08.13"]
[Round "1"]
[White "Mellado Trivino,J"]
[Black "Olmos Rosa,F"]
[Result "1-0"]
[WhiteElo "2450"]
[BlackElo "2073"]

1.e4 e6 2.d4 d5 3.Nc3 Bb4 4.e5 b6 5.Qg4 Bf8 6.Nh3 c5 7.Ng5 Nc6 8.Qh5 g6 9.Qf3 Nh6
10.Bb5 Bd7 11.Bxc6 Bxc6 12.O-O Bg7 13.Ne2 Qd7 14.c3 Rc8 15.b3 Bb5 16.a4 Ba6
17.a5 Qb5 18.c4 dxc4 19.Nc3 Qc6 20.Qxc6+ Rxc6 21.axb6 Rxb6 22.dxc5 Rc6 23.b4 Bxe5
24.Nge4 Ng4 25.h3 Nf6 26.Bf4 Bxf4 27.Nxf6+ Ke7 28.Nfd5+ exd5 29.Nxd5+ Kf8
30.Nxf4 Kg7 31.Nd5 Rd8 32.Rfd1 Rd7 33.f4 f6 34.Kf2 Re6 35.Nc3 Rb7 36.Rd6 Rxd6
37.cxd6 Bb5 38.Nxb5 Rxb5 39.Rxa7+ Kf8 40.Ra8+ Kf7 41.d7  1-0

[Event "ch-ESP GpB"]
[Site "Seville ESP"]
[Date "2004.08.14"]
[Round "2"]
[White "Del Rio Angelis,S"]
[Black "Lopez Martinez,J"]
[Result "1/2-1/2"]
[WhiteElo "2502"]
[BlackElo "2437"]

1.e4 e6 2.d4 d5 3.Nc3 Bb4 4.e5 Ne7 5.a3 Bxc3+ 6.bxc3 c5 7.a4 Qa5 8.Bd2 Bd7
9.Nf3 Nbc6 10.Bb5 Qc7 11.O-O O-O 12.Re1 h6 13.Bd3 b6 14.Qc1 c4 15.Bf1 Qd8
16.h4 f6 17.exf6 Rxf6 18.Nh2 Qf8 19.Ng4 Rf5 20.Qd1 Ng6 21.h5 Nge7 22.Qe2 Qf7
23.Bxh6 Rxh5 24.Bd2 Qg6 25.g3 Qxc2 26.Ne5 Qh7 27.Nxd7 Rh1+  1/2-1/2

[Event "FSGM August"]
[Site "Budapest HUN"]
[Date "2004.08.16"]
[Round "10"]
[White "Manca,F"]
[Black "Paschall,W"]
[Result "1/2-1/2"]
[WhiteElo "2366"]
[BlackElo "2389"]

1.e4 e6 2.d4 d5 3.Nc3 Bb4 4.e5 Ne7 5.a3 Bxc3+ 6.bxc3 c5 7.Nf3 b6 8.Bb5+ Bd7
9.Bd3 c4 10.Bf1 Ba4 11.g3 Nbc6 12.h4 h5 13.Bh3 Qd7 14.O-O Nf5 15.Bg5  1/2-1/2

[Event "ch-ESP Abierto"]
[Site "Seville ESP"]
[Date "2004.08.18"]
[Round "6"]
[White "Vehi Bach,V"]
[Black "Rodriguez Guerrero,E"]
[Result "1-0"]
[WhiteElo "2379"]
[BlackElo "2423"]

1.e4 e6 2.d4 d5 3.Nc3 Bb4 4.e5 Ne7 5.a3 Bxc3+ 6.bxc3 c5 7.Qg4 O-O 8.Bd3 f5
9.exf6 Rxf6 10.Bg5 Rf7 11.Qh4 h6 12.Bxe7 Rxe7 13.Qg3 Qa5 14.Ne2 Nc6 15.O-O e5
16.dxe5 c4 17.Bg6 Rxe5 18.Nf4 Bd7 19.h4 Qc5 20.Nh5 Re7 21.Rfe1 Rf8 22.Rxe7 Qxe7
23.f4 Bf5 24.Re1 Qd7 25.Bxf5 Rxf5 26.Qg6 Rf8 27.Re6 Kh8 28.f5 Nd8 29.Re5 d4
30.f6 gxf6 31.Qxh6+ Kg8 32.Nxf6+ Rxf6 33.Qxf6 Nf7 34.Re7 Qd5 35.Re8+  1-0